Cellular interactions /
Guardado en:
| Otros Autores: | , |
|---|---|
| Formato: | Libro |
| Idioma: | English |
| Publicado: |
Berlin ; New York :
Springer-Verlag,
1984.
|
| Series: | Encyclopedia of plant physiology. new ser. ;
v. 17 |
| Etiquetas: |
Agregar Etiqueta
Sin Etiquetas, Sea el primero en etiquetar este registro!
|
| LEADER | 00731cam a2200181 a 4500 | ||
|---|---|---|---|
| 001 | EEA.libagro009462 | ||
| 005 | 20180608131729.0 | ||
| 008 | 840104s1984####gw#a#####b####001#0#eng## | ||
| 020 | |a 0387127380 | ||
| 082 | 0 | 0 | |a 581.1 |a 581.87 |
| 245 | 0 | 0 | |a Cellular interactions / |c edited by H.F. Linskens and J. Heslop-Harrison ; contributors, A.A. Ager ... [et al.]. |
| 260 | |a Berlin ; |a New York : |b Springer-Verlag, |c 1984. | ||
| 300 | |a xviii, 743 p. : |b il. ; |c 25 cm. | ||
| 440 | 0 | |a Encyclopedia of plant physiology. |p new ser. ; |v v. 17 | |
| 500 | |a Incluye bibliografías e índices. | ||
| 700 | 1 | |a Linskens, H. F. |q (Hans F.), |d 1921- | |
| 700 | 1 | |a Heslop-Harrison, J. |q (John) | |
| 859 | |a AR-BbBCA |b BIB. AGRONOMIA |h 581.1 |i En56 17 |p C1993/0328 |v v.17 |3 Vol. 17 | ||
